Sąsiedzi Rumuni po zdjęciu - Statystyki

Ogólne statystyki
  • Ten quiz został rozwiązany 23 razy
  • Średni wynik to 5 z 5
Statystyki odpowiedzi
Obrazkowy Odpowiedź % Poprawnych
Bułgaria
100%
Węgry
100%
Serbia
95%
Mołdawia
90%
Ukraina
90%
Nie znaleziono quizów pasujących do podanych kryteriów
Rozkład punktacji
Procent ludzi z każdym wynikiem
Percentyl według liczby udzielonych odpowiedzi
Twoja historia wyników
Nie rozwiązałeś tego quizu